000 00522nam a22001697a 4500
999 _c511665
_d511665
008 191003b ||||| |||| 00| 0 eng d
100 _aGanong, Peter
_911767
245 _aConsumer spending during unemployment: Positive and normative implications
260 _bAmerican Economic Review
300 _a109(7), Jul, 2019: p.2383-2424.
650 _aConsumption
_911768
650 _aUnemployment
_911769
700 _aNoel, Pascal
_911770
773 _aAmerican Economic Review
906 _aConsumers
942 _cAR